00417nam a2200157Ia 4500003000400000008004100004040001600045082001300061100001800074245005500092260004600147300001000193650001500203650001900218650002200237GCL140319s9999 xx 000 0 eng d aGCL / cGCL04a843bM P1 aMOALOUJ, AMIN10aLE PREMIER SIECLE APRES BEOTRICE / cMOALOUJ, AMIN a[S.N] : bG . RASSET & FASGULLE ، c1992 a189 P04aLITERATURE04aFRENCH FICTION04aFRENCH LITERATURE